kku e-library facility

Embedded Linux development using Eclipse (Record no. 127)

MARC details
000 -LEADER
fixed length control field 00395nam a2200133 4500
005 - DATE AND TIME OF LATEST TRANSACTION
control field 20260116111541.0
008 - FIXED-LENGTH DATA ELEMENTS--GENERAL INFORMATION
fixed length control field 260116b |||||||| |||| 00| 0 eng d
020 ## - INTERNATIONAL STANDARD BOOK NUMBER
International Standard Book Number 9780750686549
100 ## - MAIN ENTRY--PERSONAL NAME
Personal name Abbott, Doug
245 ## - TITLE STATEMENT
Title Embedded Linux development using Eclipse
Statement of responsibility, etc. /Doug Abbott
260 ## - PUBLICATION, DISTRIBUTION, ETC.
Place of publication, distribution, etc. United States of America;
Name of publisher, distributor, etc. Newnes/Elsevier;
Date of publication, distribution, etc. c2009.
300 ## - PHYSICAL DESCRIPTION
Extent xiv, 248 p.;
Dimensions 23.5cm
942 ## - ADDED ENTRY ELEMENTS (KOHA)
Source of classification or shelving scheme Library of Congress Classification
Suppress in OPAC No
Koha item type Books

No items available.

©2025 All rights reserved. KKU